<?xml version="1.0" encoding="UTF-8"?>
<record
    xmlns:xsi="http://www.w3.org/2001/XMLSchema-instance"
    xsi:schemaLocation="http://www.loc.gov/MARC21/slim http://www.loc.gov/standards/marcxml/schema/MARC21slim.xsd"
    xmlns="http://www.loc.gov/MARC21/slim">

  <leader>01008cam a22002655a 4500</leader>
  <controlfield tag="001">16169393</controlfield>
  <controlfield tag="005">20160131121405.0</controlfield>
  <controlfield tag="008">100402t2011    ilu    frbf  i001 0 eng d</controlfield>
  <datafield tag="020" ind1=" " ind2=" ">
    <subfield code="a">9780838910689 (alk. paper)</subfield>
  </datafield>
  <datafield tag="040" ind1=" " ind2=" ">
    <subfield code="a">DLC</subfield>
    <subfield code="b">eng</subfield>
    <subfield code="c">DLC</subfield>
    <subfield code="d">YDX</subfield>
    <subfield code="d">YDXCP</subfield>
    <subfield code="d">MEA</subfield>
    <subfield code="d">CDX</subfield>
    <subfield code="d">NTE</subfield>
    <subfield code="d">FZU</subfield>
    <subfield code="d">IXA</subfield>
    <subfield code="d">BWX</subfield>
    <subfield code="d">DLC</subfield>
    <subfield code="d">EG-ScBUE </subfield>
    <subfield code="d">EG-ScBUE </subfield>
  </datafield>
  <datafield tag="082" ind1="0" ind2="4">
    <subfield code="a">023.9</subfield>
    <subfield code="b">HAK</subfield>
    <subfield code="2">22</subfield>
  </datafield>
  <datafield tag="100" ind1="1" ind2=" ">
    <subfield code="a">Hakala-Ausperk, Catherine.</subfield>
    <subfield code="9">39186</subfield>
  </datafield>
  <datafield tag="245" ind1="1" ind2="0">
    <subfield code="a">Be a great boss :</subfield>
    <subfield code="b">one year to success /</subfield>
    <subfield code="c">Catherine Hakala-Ausperk.</subfield>
  </datafield>
  <datafield tag="260" ind1=" " ind2=" ">
    <subfield code="a">Chicago :</subfield>
    <subfield code="b">American Library Association,</subfield>
    <subfield code="c">c.2011.</subfield>
  </datafield>
  <datafield tag="300" ind1=" " ind2=" ">
    <subfield code="a">xii, 215 p. ;</subfield>
    <subfield code="c">28 cm.</subfield>
  </datafield>
  <datafield tag="490" ind1="0" ind2=" ">
    <subfield code="a">ALA guides for the busy librarian</subfield>
  </datafield>
  <datafield tag="500" ind1=" " ind2=" ">
    <subfield code="a">Index : p. 213-215.</subfield>
  </datafield>
  <datafield tag="504" ind1=" " ind2=" ">
    <subfield code="a">Bibliography : p. 203-211.</subfield>
  </datafield>
  <datafield tag="650" ind1=" " ind2="0">
    <subfield code="a">Library personnel management</subfield>
    <subfield code="v">Handbooks, manuals, etc.</subfield>
    <subfield code="2">BUEsh</subfield>
  </datafield>
  <datafield tag="650" ind1=" " ind2="0">
    <subfield code="a">Supervision of employees</subfield>
    <subfield code="v">Handbooks, manuals, etc.</subfield>
    <subfield code="2">BUEsh</subfield>
  </datafield>
  <datafield tag="650" ind1=" " ind2="0">
    <subfield code="a">Library administration</subfield>
    <subfield code="v">Handbooks, manuals, etc.</subfield>
    <subfield code="2">BUEsh</subfield>
  </datafield>
  <datafield tag="651" ind1=" " ind2=" ">
    <subfield code="2">BUEsh</subfield>
  </datafield>
  <datafield tag="653" ind1=" " ind2=" ">
    <subfield code="b">GGEN</subfield>
    <subfield code="c">July2015</subfield>
    <subfield code="c">January2016</subfield>
  </datafield>
  <datafield tag="942" ind1=" " ind2=" ">
    <subfield code="2">ddc</subfield>
  </datafield>
  <datafield tag="999" ind1=" " ind2=" ">
    <subfield code="c">20166</subfield>
    <subfield code="d">20138</subfield>
  </datafield>
  <datafield tag="952" ind1=" " ind2=" ">
    <subfield code="0">0</subfield>
    <subfield code="1">0</subfield>
    <subfield code="2">ddc</subfield>
    <subfield code="4">0</subfield>
    <subfield code="7">0</subfield>
    <subfield code="8">Baccah</subfield>
    <subfield code="a">MAIN</subfield>
    <subfield code="b">MAIN</subfield>
    <subfield code="c">LOW</subfield>
    <subfield code="d">2015-07-05</subfield>
    <subfield code="e">Purchase</subfield>
    <subfield code="g">373.00</subfield>
    <subfield code="h">22696</subfield>
    <subfield code="l">0</subfield>
    <subfield code="o">023.9 HAK</subfield>
    <subfield code="p">000039236</subfield>
    <subfield code="r">2025-07-15 00:00:00</subfield>
    <subfield code="v">466.00</subfield>
    <subfield code="y">BB</subfield>
  </datafield>
</record>
